[Event "Tata Steel Chess 2017 GM-A"]
[Site "Wijk aan Zee NED"]
[Date "2017.01.20"]
[Round "6.2"]
[White "Giri, Anish"]
[Black "Nepomniachtchi, Ian"]
[Result "1-0"]
[WhiteElo "2773"]
[BlackElo "2767"]
[PlyCount "65"]
[EventDate "2017.01.14"]
[EventType "tourn"]
[EventRounds "13"]
[EventCountry "NED"]
[EventCategory "21"]
[SourceTitle "Ajedrez en Madrid"]
[Source "lmi"]
[SourceDate "2017.01.14"]

1. e4 c5 2. Nf3 d6 3. d4 cxd4 4. Nxd4 Nf6 5. Nc3 a6 6. g3 e5 7. Nde2 Be7 8. Bg2
Nbd7 9. a4 b6 10. Nd5 Nxd5 11. Qxd5 Rb8 12. Nc3 O-O 13. O-O Bb7 14. Qd1 Rc8 15.
Re1 h6 16. Bh3 Rc6 17. Bxh6 gxh6 18. Qg4+ Bg5 19. Qxd7 Qxd7 20. Bxd7 Rc7 21.
Bf5 Bd2 22. Red1 Bxc3 23. bxc3 Rd8 24. Rab1 Rc6 25. f4 exf4 26. e5 Bc8 27. Be4
Rxc3 28. Rxd6 Rxd6 29. exd6 Rc4 30. Bd3 Rc6 31. Rd1 Kf8 32. Bxa6 fxg3 33. hxg3
1-0

[Event "Tata Steel Chess 2017 GM-A"]
[Site "Wijk aan Zee NED"]
[Date "2017.01.20"]
[Round "6.4"]
[White "Van Wely, Loek"]
[Black "Andreikin, Dmitry"]
[Result "1/2-1/2"]
[WhiteElo "2695"]
[BlackElo "2736"]
[PlyCount "120"]
[EventDate "2017.01.14"]
[EventType "tourn"]
[EventRounds "13"]
[EventCountry "NED"]
[EventCategory "21"]
[SourceTitle "Ajedrez en Madrid"]
[Source "lmi"]
[SourceDate "2017.01.14"]

1. d4 Nf6 2. c4 e6 3. Nf3 a6 4. Nc3 d5 5. cxd5 exd5 6. Bg5 Be6 7. e3 Nbd7 8.
Bd3 h6 9. Bh4 g5 10. Bg3 Nh5 11. Be5 Ng7 12. h3 Nxe5 13. Nxe5 Bd6 14. O-O h5
15. f4 g4 16. f5 Bc8 17. f6 Ne6 18. Bf5 c6 19. hxg4 Qc7 20. gxh5 Bxe5 21. dxe5
Qxe5 22. Qe2 Nc5 23. Bxc8 Rxc8 24. g4 Rg8 25. Kh1 Ne4 26. Nxe4 Qxe4+ 27. Qf3
Qxg4 28. Qxg4 Rxg4 29. Rf4 Rg5 30. Rh4 Kd7 31. Rg1 Rcg8 32. Rxg5 Rxg5 33. h6
Rg8 34. e4 Ke6 35. exd5+ Kxd5 36. a4 Ke6 37. a5 Kxf6 38. h7 Rh8 39. Rb4 Rxh7+
40. Kg2 Rh5 41. Rxb7 Rxa5 42. Rb6 Rc5 43. Rxa6 Ke5 44. b4 Rc3 45. Rb6 f5 46.
Rb8 Kf4 47. b5 Rc2+ 48. Kg1 Rb2 49. b6 Kg3 50. Kf1 Kf3 51. Ke1 c5 52. Kd1 c4
53. Kc1 c3 54. Rb7 f4 55. Rb8 Kg3 56. Rg8+ Kf2 57. Rb8 Kf3 58. b7 Kf2 59. Rf8
Rxb7 60. Rxf4+ Ke3 1/2-1/2

[Event "Tata Steel Chess 2017 GM-A"]
[Site "Wijk aan Zee NED"]
[Date "2017.01.20"]
[Round "6.5"]
[White "Harikrishna, Pentala"]
[Black "Wojtaszek, Radoslaw"]
[Result "1/2-1/2"]
[WhiteElo "2766"]
[BlackElo "2750"]
[PlyCount "133"]
[EventDate "2017.01.14"]
[EventType "tourn"]
[EventRounds "13"]
[EventCountry "NED"]
[EventCategory "21"]
[SourceTitle "Ajedrez en Madrid"]
[Source "lmi"]
[SourceDate "2017.01.14"]

1. e4 e5 2. Nf3 Nc6 3. Bb5 a6 4. Ba4 Nf6 5. O-O Be7 6. Re1 b5 7. Bb3 O-O 8. a3
d6 9. h3 Na5 10. Ba2 c5 11. Nc3 Nc6 12. d3 h6 13. Bd2 Rb8 14. Rb1 a5 15. a4 b4
16. Nb5 Re8 17. c3 Bf8 18. Qc2 Qb6 19. Be3 Na7 20. Bc4 Ba6 21. Nc7 Qxc7 22.
Bxa6 d5 23. cxb4 Nc6 24. Bb5 Nxb4 25. Qd1 Red8 26. exd5 Nfxd5 27. Bd2 Bd6 28.
Qe2 Nf4 29. Qe4 Nc2 30. Rec1 Nb4 31. g3 Ne6 32. Bxb4 axb4 33. h4 Rf8 34. Re1
Qd8 35. Kg2 Nc7 36. Bc4 Re8 37. Qf5 Qf6 38. Qh5 Ne6 39. Nxe5 g6 40. Nxg6 Kh7
41. Qd5 Nc7 42. Qxf7+ Qxf7 43. Bxf7 Rxe1 44. Rxe1 Kg7 45. Ne5 Bxe5 46. Rxe5
Kxf7 47. Rxc5 Ne6 48. Rc4 b3 49. Kf3 Ke7 50. d4 Kd6 51. Ke4 Nc7 52. Rc5 Rb4 53.
Rh5 Rxa4 54. Rxh6+ Ne6 55. f4 Rxd4+ 56. Ke3 Rd5 57. g4 Ke7 58. f5 Re5+ 59. Kd3
Nf4+ 60. Kc4 Re4+ 61. Kxb3 Ng2 62. g5 Nxh4 63. Rh7+ Kf8 64. f6 Rg4 65. Rh8+ Kf7
66. Rh7+ Kf8 67. Rh8+ 1/2-1/2

[Event "Tata Steel Chess 2017 GM-A"]
[Site "Wijk aan Zee NED"]
[Date "2017.01.20"]
[Round "6.6"]
[White "Adhiban, Baskaran"]
[Black "So, Wesley"]
[Result "1/2-1/2"]
[WhiteElo "2653"]
[BlackElo "2808"]
[PlyCount "77"]
[EventDate "2017.01.14"]
[EventType "tourn"]
[EventRounds "13"]
[EventCountry "NED"]
[EventCategory "21"]
[SourceTitle "Ajedrez en Madrid"]
[Source "lmi"]
[SourceDate "2017.01.14"]

1. e4 e5 2. f4 exf4 3. Bc4 d5 4. Bxd5 Nf6 5. Nc3 Nxd5 6. Nxd5 Bd6 7. Nf3 O-O 8.
d4 Re8 9. e5 c6 10. Nxf4 f6 11. Nd3 fxe5 12. dxe5 Qb6 13. Qe2 Bf5 14. Be3 Qa5+
15. c3 Bc7 16. O-O Qa6 17. Rad1 Nd7 18. Bd4 c5 19. Bf2 Nxe5 20. Nfxe5 Bxe5 21.
Qf3 Be4 22. Qh3 Bxd3 23. Qxd3 Qxa2 24. Bxc5 Qxb2 25. Bxa7 Bxc3 26. Bf2 Be5 27.
Rb1 Qa2 28. Rxb7 Rf8 29. Qb3+ Qxb3 30. Rxb3 Ra2 31. Rf3 Rxf3 32. gxf3 Kf7 33.
Bg3 Bd4+ 34. Kh1 Rd2 35. Bf4 Re2 36. Rd1 Bc3 37. Rd3 Bb4 38. Rd4 Bc5 39. Rd2
1/2-1/2

[Event "Tata Steel Chess 2017 GM-A"]
[Site "Wijk aan Zee NED"]
[Date "2017.01.20"]
[Round "6.7"]
[White "Eljanov, Pavel"]
[Black "Karjakin, Sergey"]
[Result "1/2-1/2"]
[WhiteElo "2755"]
[BlackElo "2785"]
[PlyCount "70"]
[EventDate "2017.01.14"]
[EventType "tourn"]
[EventRounds "13"]
[EventCountry "NED"]
[EventCategory "21"]
[SourceTitle "Ajedrez en Madrid"]
[Source "lmi"]
[SourceDate "2017.01.14"]

1. e4 e5 2. Nf3 Nc6 3. Bb5 Nf6 4. d3 Bc5 5. Bxc6 dxc6 6. Qe2 Nd7 7. Nc3 O-O 8.
Nd1 Re8 9. Ne3 Nf8 10. g3 Ne6 11. Nf5 Bf8 12. h4 c5 13. h5 Qf6 14. c4 b5 15.
Ne3 a6 16. Bd2 Bb7 17. Nd5 Qd8 18. b3 Rc8 19. Kf1 h6 20. a4 c6 21. Ne3 Nd4 22.
Nxd4 cxd4 23. Nf5 c5 24. axb5 axb5 25. Kg2 Qd7 26. Qg4 Kh7 27. Ra5 Bc6 28. Rha1
Rb8 29. Ra7 Rb7 30. R7a6 bxc4 31. bxc4 Reb8 32. R1a2 Rb6 33. Ra7 R6b7 34. R7a6
Rb6 35. Ra7 R6b7 1/2-1/2

[Event "Tata Steel Chess 2017 GM-A"]
[Site "Wijk aan Zee NED"]
[Date "2017.01.21"]
[Round "7.1"]
[White "Karjakin, Sergey"]
[Black "Aronian, Levon"]
[Result "1-0"]
[WhiteElo "2785"]
[BlackElo "2780"]
[PlyCount "115"]
[EventDate "2017.01.14"]
[EventType "tourn"]
[EventRounds "13"]
[EventCountry "NED"]
[EventCategory "21"]
[SourceTitle "Ajedrez en Madrid"]
[Source "lmi"]
[SourceDate "2017.01.14"]

1. e4 e5 2. Nf3 Nc6 3. Bc4 Bc5 4. O-O Nf6 5. d3 O-O 6. h3 d5 7. exd5 Nxd5 8.
Re1 Be6 9. c3 Bb6 10. Bb3 f6 11. d4 Bf7 12. dxe5 Nxe5 13. Bxd5 Bxd5 14. Nxe5
fxe5 15. Be3 Bc6 16. Nd2 Qf6 17. Qe2 Qg6 18. f3 Rad8 19. Bxb6 axb6 20. Ne4 Rf4
21. Rad1 Rdf8 22. Qc4+ Kh8 23. Kh2 h6 24. Rd2 Kh7 25. Qd3 Kh8 26. Rde2 Qe6 27.
b3 R4f7 28. Qe3 Re7 29. Qf2 Qd5 30. Re3 Qa5 31. Qb2 Rfe8 32. c4 Bd7 33. Nc3 c6
34. Ne4 Re6 35. Rd1 Bc8 36. b4 Qa8 37. Nd6 R8e7 38. Red3 Rd7 39. Qc2 Ree7 40.
Qf2 Qb8 41. Qxb6 e4 42. fxe4 Rxe4 43. Qf2 Kg8 44. Qg3 Ree7 45. c5 Qc7 46. Nf5
Qxg3+ 47. Rxg3 Rf7 48. Nxh6+ Kh7 49. Nxf7 Rxd1 50. Re3 Bf5 51. Nd6 Bb1 52. a4
Bc2 53. a5 Rb1 54. Rc3 Bb3 55. Nxb7 Bd5 56. a6 Rxb4 57. Ra3 Rb2 58. h4 1-0

[Event "Tata Steel Chess 2017 GM-A"]
[Site "Wijk aan Zee NED"]
[Date "2017.01.21"]
[Round "7.2"]
[White "So, Wesley"]
[Black "Eljanov, Pavel"]
[Result "1/2-1/2"]
[WhiteElo "2808"]
[BlackElo "2755"]
[PlyCount "75"]
[EventDate "2017.01.14"]
[EventType "tourn"]
[EventRounds "13"]
[EventCountry "NED"]
[EventCategory "21"]
[SourceTitle "Ajedrez en Madrid"]
[Source "lmi"]
[SourceDate "2017.01.14"]

1. e4 e5 2. Nf3 Nc6 3. Bc4 Bc5 4. O-O Nf6 5. d3 d6 6. c3 a6 7. a4 Ba7 8. Na3 h6
9. Nc2 Qe7 10. Be3 Be6 11. Bxe6 Qxe6 12. Bxa7 Rxa7 13. d4 Ne7 14. Nd2 O-O 15.
Qe2 Raa8 16. g3 Rfe8 17. a5 Rac8 18. d5 Qd7 19. Ne3 Nh7 20. Ra3 Rf8 21. Rb3 Rb8
22. Ra1 f5 23. exf5 Nxf5 24. Qg4 h5 25. Qxh5 Nxe3 26. fxe3 Rf5 27. Qh4 Ng5 28.
Rb4 e4 29. Kg2 Qf7 30. Nxe4 Qxd5 31. Rd4 Nf3 32. Nf6+ Rxf6 33. Rxd5 Nxh4+ 34.
gxh4 Rbf8 35. Rd2 Rg6+ 36. Kh1 Rf3 37. Re1 Re6 38. Rd4 1/2-1/2

[Event "Tata Steel Chess 2017 GM-A"]
[Site "Wijk aan Zee NED"]
[Date "2017.01.21"]
[Round "7.3"]
[White "Wojtaszek, Radoslaw"]
[Black "Adhiban, Baskaran"]
[Result "0-1"]
[WhiteElo "2750"]
[BlackElo "2653"]
[PlyCount "132"]
[EventDate "2017.01.14"]
[EventType "tourn"]
[EventRounds "13"]
[EventCountry "NED"]
[EventCategory "21"]
[SourceTitle "Ajedrez en Madrid"]
[Source "lmi"]
[SourceDate "2017.01.14"]

1. d4 e6 2. c4 b6 3. Nc3 Bb4 4. Qc2 Bb7 5. a3 Bxc3+ 6. Qxc3 f5 7. Nh3 Nf6 8. f3
O-O 9. e3 Nh5 10. Be2 Qh4+ 11. Nf2 d6 12. b3 Nd7 13. Bb2 e5 14. d5 f4 15. e4 a5
16. g3 Qe7 17. g4 Nhf6 18. Qc2 c6 19. dxc6 Bxc6 20. b4 axb4 21. axb4 Rxa1+ 22.
Bxa1 Ra8 23. Bb2 Nf8 24. Qd2 Ne6 25. O-O h5 26. Rd1 Ra2 27. b5 Bd7 28. c5 Nd4
29. c6 Be6 30. g5 Ne8 31. h4 Nc7 32. Kg2 Bb3 33. Rc1 Nxe2 34. Qxe2 Ba4 35. Qc4+
Qf7 36. Qb4 Bxb5 37. Nd1 Kh7 38. Qxd6 Be2 39. Qxe5 Ra5 40. Qd6 Ra2 41. Qb4 b5
42. Nf2 Ne6 43. Ra1 Rxa1 44. Bxa1 Qa7 45. Qd2 Qe3 46. Qxe3 fxe3 47. Be5 b4 48.
c7 exf2 49. Kxf2 Ba6 50. Ke3 g6 51. Kd2 Kg8 52. Kc2 Bc8 53. Kb3 Nc5+ 54. Kc4
Na6 55. Bd6 Be6+ 56. Kd4 Kf7 57. f4 b3 58. Kc3 Ke8 59. c8=Q+ Bxc8 60. Kxb3 Kd7
61. Ba3 Bb7 62. f5 Bxe4 63. f6 Bd5+ 64. Kc3 Nc7 65. Kd3 Ke6 66. Bc1 Nb5 0-1

[Event "Tata Steel Chess 2017 GM-A"]
[Site "Wijk aan Zee NED"]
[Date "2017.01.21"]
[Round "7.6"]
[White "Nepomniachtchi, Ian"]
[Black "Rapport, Richard"]
[Result "1/2-1/2"]
[WhiteElo "2767"]
[BlackElo "2702"]
[PlyCount "90"]
[EventDate "2017.01.14"]
[EventType "tourn"]
[EventRounds "13"]
[EventCountry "NED"]
[EventCategory "21"]
[SourceTitle "Ajedrez en Madrid"]
[Source "lmi"]
[SourceDate "2017.01.14"]

1. e4 e5 2. Nf3 Nc6 3. Bc4 Nf6 4. d3 Be7 5. O-O O-O 6. Nc3 d6 7. a3 Be6 8. Nd5
a5 9. Ng5 Bxd5 10. exd5 Nb8 11. f4 Nbd7 12. Ba2 a4 13. Kh1 c6 14. dxc6 bxc6 15.
fxe5 Nxe5 16. d4 Ng6 17. c3 d5 18. Bb1 Bd6 19. Bf5 Re8 20. Qf3 h6 21. Nh3 Nh4
22. Qf2 Nxf5 23. Qxf5 Qd7 24. Qxd7 Nxd7 25. Bf4 Bf8 26. Rae1 Re4 27. Rxe4 dxe4
28. Nf2 Re8 29. Re1 g5 30. Bc1 Nf6 31. g3 Kg7 32. c4 Kg6 33. Bd2 Bg7 34. Kg2 h5
35. h3 Nd7 36. Rxe4 Rxe4 37. Nxe4 Bxd4 38. Bc3 Bb6 39. g4 f5 40. Nd2 Be3 41. b4
Nb6 42. b5 cxb5 43. cxb5 Nd5 44. gxh5+ Kxh5 45. Ba5 Bxd2 1/2-1/2

[Event "Tata Steel Chess 2017 GM-A"]
[Site "Wijk aan Zee NED"]
[Date "2017.01.22"]
[Round "8.3"]
[White "Van Wely, Loek"]
[Black "Nepomniachtchi, Ian"]
[Result "1/2-1/2"]
[WhiteElo "2695"]
[BlackElo "2767"]
[PlyCount "147"]
[EventDate "2017.01.14"]
[EventType "tourn"]
[EventRounds "13"]
[EventCountry "NED"]
[EventCategory "21"]
[SourceTitle "Ajedrez en Madrid"]
[Source "lmi"]
[SourceDate "2017.01.14"]

1. d4 Nf6 2. c4 g6 3. Nc3 d5 4. Bf4 Bg7 5. e3 O-O 6. Rc1 Be6 7. cxd5 Nxd5 8.
Nxd5 Qxd5 9. b3 Na6 10. Nf3 Qa5+ 11. Qd2 Nb4 12. Be2 Qa3 13. O-O c6 14. Ng5 Bd5
15. e4 h6 16. exd5 hxg5 17. Bxg5 Nxd5 18. h4 Qb4 19. Qxb4 Nxb4 20. Bxe7 Rfe8
21. Bxb4 Rxe2 22. Rfd1 Rd8 23. a4 Rb2 24. Bc5 b6 25. Be7 Rxd4 26. Rxd4 Bxd4 27.
Rxc6 Rxb3 28. Rc2 Rb1+ 29. Kh2 Ra1 30. Rc4 Bxf2 31. Bf6 Bg1+ 32. Kg3 Ra3+ 33.
Kf4 Be3+ 34. Ke5 Bc5 35. g4 Rd3 36. Ke4 Rd1 37. a5 Rf1 38. g5 Kf8 39. Kd5 Ke8
40. Kc6 Re1 41. Kb7 Bf2 42. Rc2 Be3 43. a6 b5 44. Rb2 Kd7 45. Rxb5 Rd1 46. Be5
Ke6 47. Bb8 f6 48. Rb3 Bg1 49. gxf6 Kxf6 50. Rb5 Be3 51. Bc7 Rd3 52. Be5+ Ke6
53. Bh2 Kf6 54. Bc7 Ke6 55. Bb8 Kf6 56. Bg3 Rd7+ 57. Kc6 Rd3 58. Bd6 Bf2 59.
Bb8 Rc3+ 60. Kb7 Rd3 61. Bf4 Rd7+ 62. Kc6 Rd3 63. Bb8 Rc3+ 64. Kb7 Rd3 65. Rb1
Rd2 66. Ka8 Ra2 67. Rf1 Ke6 68. Bxa7 Bxh4 69. Kb7 Rb2+ 70. Kc6 Ra2 71. Kb5 Rb2+
72. Kc6 Ra2 73. Kb7 Rb2+ 74. Kc6 1/2-1/2

[Event "Tata Steel Chess 2017 GM-A"]
[Site "Wijk aan Zee NED"]
[Date "2017.01.22"]
[Round "8.5"]
[White "Adhiban, Baskaran"]
[Black "Andreikin, Dmitry"]
[Result "1-0"]
[WhiteElo "2653"]
[BlackElo "2736"]
[PlyCount "91"]
[EventDate "2017.01.14"]
[EventType "tourn"]
[EventRounds "13"]
[EventCountry "NED"]
[EventCategory "21"]
[SourceTitle "Ajedrez en Madrid"]
[Source "lmi"]
[SourceDate "2017.01.14"]

1. e4 e5 2. Nc3 Nc6 3. g3 g6 4. Bg2 Bg7 5. d3 d6 6. f4 Nge7 7. Nf3 Nd4 8. O-O
Bg4 9. Be3 c5 10. Qd2 O-O 11. Nh4 exf4 12. Bxf4 Qd7 13. Rf2 Rae8 14. Bh6 Bxh6
15. Qxh6 b5 16. h3 Be6 17. Raf1 Qd8 18. Nb1 d5 19. Nd2 dxe4 20. Nxe4 Nef5 21.
Rxf5 Nxf5 22. Rxf5 Qd4+ 23. Rf2 f5 24. Ng5 Qg7 25. Qxg7+ Kxg7 26. Bc6 h6 27.
Nxe6+ Rxe6 28. Bxb5 Rb8 29. a4 a6 30. Bc4 Re1+ 31. Kg2 Rxb2 32. Bxa6 Rc1 33.
Bc4 Rcxc2 34. Rxc2 Rxc2+ 35. Kf3 Kf6 36. a5 g5 37. a6 Rc1 38. Ng2 Ke5 39. Ne3
h5 40. Nc2 g4+ 41. Ke3 gxh3 42. a7 h2 43. a8=Q h1=Q 44. Qb8+ Kf6 45. Qf8+ Kg6
46. Bf7+ 1-0

[Event "Tata Steel Chess 2017 GM-A"]
[Site "Wijk aan Zee NED"]
[Date "2017.01.22"]
[Round "8.6"]
[White "Eljanov, Pavel"]
[Black "Wojtaszek, Radoslaw"]
[Result "1/2-1/2"]
[WhiteElo "2755"]
[BlackElo "2750"]
[PlyCount "92"]
[EventDate "2017.01.14"]
[EventType "tourn"]
[EventRounds "13"]
[EventCountry "NED"]
[EventCategory "21"]
[SourceTitle "Ajedrez en Madrid"]
[Source "lmi"]
[SourceDate "2017.01.14"]

1. e4 c5 2. Nf3 d6 3. d4 cxd4 4. Nxd4 Nf6 5. Nc3 a6 6. Be2 e5 7. Nb3 Be7 8. Be3
Be6 9. Nd5 Nbd7 10. Qd3 Bxd5 11. exd5 O-O 12. a4 Rc8 13. a5 Ne8 14. O-O Bg5 15.
c4 f5 16. f3 Bxe3+ 17. Qxe3 f4 18. Qf2 g5 19. Nd2 Ndf6 20. b4 Ng7 21. Ne4 Nxe4
22. fxe4 g4 23. c5 Qg5 24. c6 bxc6 25. Bxa6 g3 26. Qf3 Rc7 27. dxc6 gxh2+ 28.
Kxh2 d5 29. exd5 Nf5 30. d6 Qh6+ 31. Qh3 Qxd6 32. Bc4+ Kh8 33. b5 Rg7 34. Rad1
Nd4 35. Rxd4 Qxd4 36. Qd3 Qc5 37. Rf3 Qe7 38. Bd5 Qg5 39. Rh3 Rd8 40. b6 e4 41.
Qxe4 f3 42. Qxf3 Rxd5 43. c7 Qe5+ 44. Rg3 Rxg3 45. Qxg3 Qh5+ 46. Qh3 Qe5+
1/2-1/2

[Event "Tata Steel Chess 2017 GM-A"]
[Site "Wijk aan Zee NED"]
[Date "2017.01.22"]
[Round "8.7"]
[White "Karjakin, Sergey"]
[Black "So, Wesley"]
[Result "1/2-1/2"]
[WhiteElo "2785"]
[BlackElo "2808"]
[PlyCount "44"]
[EventDate "2017.01.14"]
[EventType "tourn"]
[EventRounds "13"]
[EventCountry "NED"]
[EventCategory "21"]
[SourceTitle "Ajedrez en Madrid"]
[Source "lmi"]
[SourceDate "2017.01.14"]

1. Nf3 d5 2. e3 Nf6 3. c4 e6 4. b3 b6 5. Bb2 Bb7 6. Nc3 a6 7. cxd5 exd5 8. d4
Bd6 9. g3 O-O 10. Bg2 Nbd7 11. O-O Qe7 12. a4 Ne4 13. Ne2 a5 14. Nf4 Rac8 15.
Re1 Bb4 16. Re2 Nc3 17. Bxc3 Bxc3 18. Rc1 Bb4 19. Rec2 c6 20. Nd3 Bd6 21. Qd2
g6 22. Qc3 Rfe8 1/2-1/2

[Event "Tata Steel Chess 2017 GM-A"]
[Site "Wijk aan Zee NED"]
[Date "2017.01.24"]
[Round "9.1"]
[White "So, Wesley"]
[Black "Aronian, Levon"]
[Result "1/2-1/2"]
[WhiteElo "2808"]
[BlackElo "2780"]
[PlyCount "76"]
[EventDate "2017.01.14"]
[EventType "tourn"]
[EventRounds "13"]
[EventCountry "NED"]
[EventCategory "21"]
[SourceTitle "Ajedrez en Madrid"]
[Source "lmi"]
[SourceDate "2017.01.14"]
[SourceVersion "1"]
[SourceVersionDate "2017.01.24"]
[SourceQuality "1"]

1. Nf3 d5 2. d4 Nf6 3. c4 e6 4. Nc3 Bb4 5. Bg5 dxc4 6. e4 c5 7. Bxc4 cxd4 8.
Nxd4 Bxc3+ 9. bxc3 Qa5 10. Bb5+ Nbd7 11. Bxf6 Qxc3+ 12. Kf1 gxf6 13. h4 Qb4 14.
Rh3 a6 15. Be2 Ne5 16. Rb1 Qd6 17. Qd2 Bd7 18. Rxb7 Bb5 19. Rc3 Rd8 20. Nf3
Qxd2 21. Bxb5+ axb5 22. Nxd2 O-O 23. Nf3 Nxf3 24. Rxf3 Rb8 25. Rg3+ Kh8 26.
Rxb8 Rxb8 27. Rb3 Ra8 28. Rxb5 Rxa2 29. Rb4 Kg7 30. g3 Ra5 31. Kg2 f5 32. exf5
Rxf5 33. g4 Ra5 34. Kg3 h6 35. Rc4 Rb5 36. Rd4 Ra5 37. Rc4 Rb5 38. Rd4 Ra5
1/2-1/2

[Event "Tata Steel Chess 2017 GM-A"]
[Site "Wijk aan Zee NED"]
[Date "2017.01.24"]
[Round "9.2"]
[White "Wojtaszek, Radoslaw"]
[Black "Karjakin, Sergey"]
[Result "1/2-1/2"]
[WhiteElo "2750"]
[BlackElo "2785"]
[PlyCount "65"]
[EventDate "2017.01.14"]
[EventType "tourn"]
[EventRounds "13"]
[EventCountry "NED"]
[EventCategory "21"]
[SourceTitle "Ajedrez en Madrid"]
[Source "lmi"]
[SourceDate "2017.01.14"]
[SourceVersion "1"]
[SourceVersionDate "2017.01.24"]
[SourceQuality "1"]

1. d4 Nf6 2. c4 e6 3. Nf3 b6 4. g3 Ba6 5. b3 Bb4+ 6. Bd2 Be7 7. Bg2 c6 8. Bc3
d5 9. O-O Nbd7 10. Nbd2 O-O 11. Qc2 Bb7 12. Rfd1 c5 13. dxc5 bxc5 14. Ne5 Nxe5
15. Bxe5 Qb6 16. cxd5 exd5 17. Rac1 Rac8 18. e3 Rfd8 19. Qf5 g6 20. Qf4 Nh5 21.
Qg4 Nf6 22. Qf4 Nh5 23. Qf3 Qe6 24. Bb2 Rd7 25. Qe2 Bf6 26. Bxf6 Nxf6 27. Qb5
Rdc7 28. Qa4 Kg7 29. Qf4 h6 30. h4 Nh5 31. Qa4 Nf6 32. Qf4 Nh5 33. Qa4 1/2-1/2

[Event "Tata Steel Chess 2017 GM-A"]
[Site "Wijk aan Zee NED"]
[Date "2017.01.24"]
[Round "9.3"]
[White "Andreikin, Dmitry"]
[Black "Eljanov, Pavel"]
[Result "1/2-1/2"]
[WhiteElo "2736"]
[BlackElo "2755"]
[PlyCount "107"]
[EventDate "2017.01.14"]
[EventType "tourn"]
[EventRounds "13"]
[EventCountry "NED"]
[EventCategory "21"]
[SourceTitle "Ajedrez en Madrid"]
[Source "lmi"]
[SourceDate "2017.01.14"]
[SourceVersion "1"]
[SourceVersionDate "2017.01.24"]
[SourceQuality "1"]

1. d4 Nf6 2. Bg5 e6 3. Nd2 h6 4. Bh4 d5 5. e3 c5 6. c3 Nc6 7. Bd3 Qb6 8. Rb1 e5
9. Ne2 cxd4 10. exd4 e4 11. Bc2 g5 12. Bg3 Bg7 13. O-O O-O 14. b4 Nh5 15. Bd6
Rd8 16. Bc5 Qc7 17. f3 e3 18. b5 b6 19. bxc6 bxc5 20. Nb3 c4 21. Nc5 Nf4 22.
Re1 Bf8 23. Ba4 Bxc5 24. dxc5 Nd3 25. Nd4 Nxe1 26. Qxe1 Re8 27. h4 Re7 28. hxg5
hxg5 29. Rb7 Bxb7 30. cxb7 Rb8 31. c6 Rbe8 32. Ne2 f6 33. Qd1 Rh7 34. Qxd5+ Kg7
35. g3 Rd8 36. Qe6 Rdh8 37. f4 Rh1+ 38. Kg2 R1h2+ 39. Kf3 Rf2+ 40. Kxe3 Rhh2
41. Bd1 gxf4+ 42. Nxf4 Qb6+ 43. Ke4 Qb1+ 44. Kd5 Qxd1+ 45. Kc5 Rxf4 46. Qe7+
Kg6 47. Qe8+ Kg7 48. Qe7+ Kh6 49. Qf8+ Kh7 50. Qf7+ Kh6 51. Qf8+ Kh7 52. Qf7+
Kh6 53. Qf8+ Kh7 54. Qf7+ 1/2-1/2

[Event "Tata Steel Chess 2017 GM-A"]
[Site "Wijk aan Zee NED"]
[Date "2017.01.24"]
[Round "9.7"]
[White "Giri, Anish"]
[Black "Rapport, Richard"]
[Result "1/2-1/2"]
[WhiteElo "2773"]
[BlackElo "2702"]
[PlyCount "71"]
[EventDate "2017.01.14"]
[EventType "tourn"]
[EventRounds "13"]
[EventCountry "NED"]
[EventCategory "21"]
[SourceTitle "Ajedrez en Madrid"]
[Source "lmi"]
[SourceDate "2017.01.14"]
[SourceVersion "1"]
[SourceVersionDate "2017.01.24"]
[SourceQuality "1"]

1. d4 Nf6 2. c4 e6 3. Nf3 b6 4. g3 Bb7 5. Bg2 Bb4+ 6. Bd2 a5 7. O-O O-O 8. Bf4
Be7 9. Nc3 Ne4 10. Qc2 Nxc3 11. Qxc3 d6 12. Qc2 f5 13. Rad1 Be4 14. Qc1 Qe8 15.
Qe3 Bf6 16. c5 bxc5 17. dxc5 e5 18. Qb3+ Qf7 19. Bg5 Qxb3 20. axb3 h6 21. Bxf6
Rxf6 22. cxd6 cxd6 23. Nd2 Bxg2 24. Kxg2 Nc6 25. Nc4 Nd4 26. f4 Nxb3 27. Rxd6
Rxd6 28. Nxd6 exf4 29. Rxf4 Rd8 30. Nxf5 Rd2 31. Kf2 Nc1 32. Rc4 Nxe2 33. Rc8+
Kf7 34. Rb8 Nc3+ 35. Kf3 Nd1 36. b3 1/2-1/2

[Event "Tata Steel Chess 2017 GM-A"]
[Site "Wijk aan Zee NED"]
[Date "2017.01.25"]
[Round "10.1"]
[White "Aronian, Levon"]
[Black "Rapport, Richard"]
[Result "1-0"]
[WhiteElo "2780"]
[BlackElo "2702"]
[PlyCount "55"]
[EventDate "2017.01.14"]
[EventType "tourn"]
[EventRounds "13"]
[EventCountry "NED"]
[EventCategory "21"]
[SourceTitle "Ajedrez en Madrid"]
[Source "lmi"]
[SourceDate "2017.01.14"]
[SourceVersion "1"]
[SourceVersionDate "2017.01.26"]
[SourceQuality "1"]

1. d4 Nf6 2. c4 e6 3. Nf3 b6 4. g3 Bb7 5. Bg2 Be7 6. O-O O-O 7. Nc3 Ne4 8. Bd2
Bf6 9. Be1 Re8 10. Qc2 d5 11. Nxe4 dxe4 12. Nd2 Bxd4 13. Rd1 Qc8 14. Nxe4 Bc5
15. Ng5 f5 16. Bxb7 Qxb7 17. Bc3 Bf8 18. e4 h6 19. exf5 hxg5 20. f6 c5 21. f4
g4 22. f5 gxf6 23. fxe6 Qh7 24. Qg2 Na6 25. Rd7 Qh5 26. Rxf6 Rad8 27. Rxf8+
Kxf8 28. Qf1+ 1-0

[Event "Tata Steel Chess 2017 GM-A"]
[Site "Wijk aan Zee NED"]
[Date "2017.01.25"]
[Round "10.2"]
[White "Van Wely, Loek"]
[Black "Giri, Anish"]
[Result "1/2-1/2"]
[WhiteElo "2695"]
[BlackElo "2773"]
[PlyCount "62"]
[EventDate "2017.01.14"]
[EventType "tourn"]
[EventRounds "13"]
[EventCountry "NED"]
[EventCategory "21"]
[SourceTitle "Ajedrez en Madrid"]
[Source "lmi"]
[SourceDate "2017.01.14"]
[SourceVersion "1"]
[SourceVersionDate "2017.01.26"]
[SourceQuality "1"]

1. d4 d5 2. c4 e6 3. Nf3 Nf6 4. Nc3 c6 5. Bg5 h6 6. Bxf6 Qxf6 7. g3 Nd7 8. Bg2
dxc4 9. O-O Be7 10. e3 O-O 11. Nd2 Nb6 12. a4 a5 13. f4 Bb4 14. Qe2 c5 15. dxc5
Bxc5 16. Nce4 Qe7 17. Nxc5 Qxc5 18. Rfc1 Bd7 19. Nxc4 Nxc4 20. Rxc4 Qb6 21. Rd1
Rfd8 22. Rcd4 Be8 23. Rxd8 Rxd8 24. Rxd8 Qxd8 25. Bxb7 Bxa4 26. Be4 g6 27. Kf2
Qc7 28. Qd2 Bb5 29. Bf3 e5 30. h4 exf4 31. gxf4 Bd7 1/2-1/2

[Event "Tata Steel Chess 2017 GM-A"]
[Site "Wijk aan Zee NED"]
[Date "2017.01.25"]
[Round "10.6"]
[White "Karjakin, Sergey"]
[Black "Andreikin, Dmitry"]
[Result "1-0"]
[WhiteElo "2785"]
[BlackElo "2736"]
[PlyCount "121"]
[EventDate "2017.01.14"]
[EventType "tourn"]
[EventRounds "13"]
[EventCountry "NED"]
[EventCategory "21"]
[SourceTitle "Ajedrez en Madrid"]
[Source "lmi"]
[SourceDate "2017.01.14"]
[SourceVersion "1"]
[SourceVersionDate "2017.01.26"]
[SourceQuality "1"]

1. e4 e5 2. Nf3 Nc6 3. Bc4 Bc5 4. O-O Nf6 5. d3 d6 6. c3 a5 7. Re1 h6 8. Nbd2
O-O 9. h3 Ba7 10. Nf1 Be6 11. Ng3 Bxc4 12. dxc4 Ne7 13. Nh2 Qd7 14. Qf3 Qe6 15.
b3 a4 16. Bd2 Kh7 17. Nhf1 c6 18. Be3 Bb8 19. Nd2 axb3 20. axb3 Bc7 21. Nh5 Nd7
22. Qg4 Qxg4 23. hxg4 b5 24. cxb5 cxb5 25. Ng3 Bb6 26. Bxb6 Nxb6 27. Nf5 Nxf5
28. exf5 f6 29. Ne4 d5 30. Nd6 b4 31. cxb4 d4 32. Ra5 Rab8 33. Ne4 Rfd8 34. b5
Nd5 35. Rc1 Rbc8 36. Rc6 Nc3 37. Nd2 e4 38. Rxc8 Rxc8 39. Nc4 d3 40. b6 Ne2+
41. Kf1 Nd4 42. b7 d2 43. Ra1 Rb8 44. Na5 Nb5 45. Rd1 Nd6 46. Rxd2 Nxb7 47.
Nxb7 Rxb7 48. Rb2 h5 49. b4 hxg4 50. Ke2 g6 51. fxg6+ Kxg6 52. Ke3 g3 53. fxg3
Kf5 54. b5 Rb6 55. g4+ Ke5 56. Rf2 Re6 57. Rc2 Re7 58. b6 Rb7 59. Rb2 Kd5 60.
g3 Kc6 61. Kxe4 1-0